000 00543nam a2200193Ia 4500
005 20250326144808.0
008 250326s9999 xx 000 0 und d
020 _a1-86064-663-8
037 _aTextbook
040 _aFMSL
_beng
_cFMSL
041 _aeng
_2eng
084 _aX.1 P1
_qFMSL
100 _aEconomides Spyros
245 0 _aEconomic factor in international relations
_cEconomides Spyros; Wilson Peter
260 _aNY
_bNY, I B Tauris
_c2001
300 _axii,227
942 _cTB
_hX.1 P1
999 _c1305091
_d1305091